The Narrowboat Builder´s Book : The Complete Guide to Fitting Out a Narrowboat /

Gespeichert in:
Bibliographische Detailangaben
1. Verfasser: Booth, Graham (Verfasst von)
Format: Buch
Sprache:Englisch
Veröffentlicht: Staffordshire : Waterways World, 1999
Ausgabe:3. vydanie
Schlagworte:
Tags: Tag hinzufügen
Keine Tags, Fügen Sie das erste Tag hinzu!

MARC

LEADER 00000nam a22000003a 4500
001 0072031
003 SK-STU
005 20200121110558.3
007 ta
008 190228s ----xo-----e------000-0-----d
020 |a 1 870002 71 7 
040 |a STU  |b slo 
041 0 |a eng 
044 |a xxk 
100 1 |a Booth, Graham  |4 aut 
245 1 0 |a The Narrowboat Builder´s Book :  |b The Complete Guide to Fitting Out a Narrowboat /  |c aut. Graham Booth 
250 |a 3. vydanie 
260 |a Staffordshire :  |b Waterways World,  |c 1999 
300 |a 124 s. 
650 0 7 |a lode - stavba 
650 0 7 |a konštrukcia 
650 0 7 |a interiér 
650 0 7 |a elektroinštalácie 
996 |b 284AU07982  |c A* 11242/U  |l AAKNAR  |s A  |a 24  |w 0072031_0001